| 000 | 00734nam a2200253 a 4500 | ||
|---|---|---|---|
| 001 | 75936 | ||
| 003 | BD-RjUL | ||
| 005 | 20211209082750.0 | ||
| 008 | 190919q19421941pk 000 0 eng | ||
| 035 | _a(BD-RjUL)76155 | ||
| 040 |
_aDLC _cCarP _dDLC _dBD-RjUL _beng |
||
| 041 | _aeng | ||
| 043 | _aa-ii--- | ||
| 082 |
_223 _a327.54 _bCHI 1942 |
||
| 100 | 1 |
_aChand, Anup _9233026 |
|
| 245 | 1 | 0 |
_aIndia and the Atlantic charter / _cAnup Chand |
| 260 |
_aLahore: _bThe Author, _c[1942?] |
||
| 300 |
_a68 p. ; _c19 cm. |
||
| 650 |
_aAtlantic Charter _y (1941) _9233029 |
||
| 650 |
_aAtlantic Charter (1941) _9233030 |
||
| 651 | 0 |
_aIndia _xPolitics and government _y1919-1947. _9233028 |
|
| 942 |
_2ddc _cRAR |
||
| 999 |
_c75936 _d75936 |
||